| 000 | 00508nam a2200181Ia 4500 | ||
|---|---|---|---|
| 005 | 20250423095323.0 | ||
| 008 | 250422s9999 xx 000 0 und d | ||
| 020 | _a9783031191961 | ||
| 050 | _aQP 121 .E94/ | ||
| 100 | _aEdited by Ferretti, Guido | ||
| 245 | 0 | _aExercise, Respiratory and Environmental Physiology | |
| 260 | _aSwitzerland | ||
| 260 | _bSpringer | ||
| 260 | _c2023 | ||
| 300 | _a443 p | ||
| 650 | _aExercise Physiology Respiration – Physiology Environmental Physiology | ||
| 942 | _cBK | ||
| 999 |
_c29917 _d29917 |
||